00481nam a2200085Ia 4500008004100000245017700041260000900218300012000227650004800347180130s9999 xx 000 0 und d cLindsay, William R.; Jahoda, Andrew J.; Willner, PaulaAdapting psychological therapies for people with intellectual disabilities II: treatment approaches and modifications c2013 aBook title: Psychological therapies for adults with intellectual disabilities--Acession number C20702; pages 85-100 aPEOPLE WITH MENTAL DISABILITIES--PSYCHOLOGY